特定の漢字を含む駅名2 - Statistics

General Stats
  • This quiz has been taken 720 times
    235 since last reset
  • The average score is 99 of 396
Answer Stats
漢字 駅名 % Correct
美唄
80%
銚子
78%
敦賀
76%
75%
愛宕
74%
長瀞
74%
草薙
73%
君津
72%
水沢江刺
71%
羽咋
70%
御嶽
70%
袖ヶ浦
69%
久慈
68%
壬生
67%
67%
大歩危
64%
四条畷
63%
| 歩 小歩危
62%
鬼怒川温泉
62%
等々力
62%
姉ケ崎
61%
夙川
61%
寝屋川市
60%
美瑛
60%
綱島
59%
昆布
59%
橿 橿原神宮前
59%
隼人
59%
安中榛名
58%
桔梗
58%
さくら夙川
58%
三厩
57%
菰野
57%
八丁畷
57%
揖斐
57%
氏家
56%
飾磨
56%
日暮里
56%
抜海
55%
旗の台
54%
西日暮里
54%
54%
双葉
53%
要町
53%
瓦町
52%
新綱島
52%
高麗
52%
辰野
52%
留辺蘂
52%
友部
52%
基山
51%
豪徳寺
51%
喜連瓜破
51%
高麗川
51%
思川
49%
安食
49%
鐘ヶ淵
47%
階上
47%
鬼怒川公園
46%
筒井
46%
厄神
46%
倶知安
46%
知床斜里
46%
腰越
44%
表参道
44%
庚申塚
44%
樋口
44%
ひぐち
44%
三才
43%
倶利伽羅
43%
辰巳
43%
御嶽山
43%
妙典
42%
巌根
41%
銭函
40%
然別
40%
菖蒲池
40%
蓬田
40%
榛原
39%
上挙母
39%
伯耆大山
39%
英賀保
38%
現川
38%
桔梗が丘
38%
38%
新庚申塚
38%
犬飼
36%
筒石
36%
多磨霊園
36%
鮫洲
36%
阿漕
36%
五稜郭
36%
ガーラ湯沢
35%
昆布盛
35%
逆井
34%
鏡石
34%
中井侍
34%
整備場
34%
撫牛子
34%
楡木
34%
船橋法典
33%
国縫
33%
駿 駿河小山
33%
平山城址公園
33%
本銚子
33%
飛田給
32%
苦竹
32%
新整備場
32%
西留辺蘂
32%
後閑
31%
南万騎が原
31%
庶路
31%
浄水
31%
勇払
31%
夢洲
31%
堀切菖蒲園
31%
塘路
31%
西敦賀
31%
割出
30%
寝屋川公園
30%
橿原神宮西口
30%
兜沼
30%
剣淵
30%
勾当台公園
29%
忠岡
29%
門戸厄神
29%
弓削
28%
新上挙母
28%
毘沙門
28%
矢祭山
28%
風祭
28%
是政
28%
28%
畝傍
28%
法隆寺
28%
梓橋
28%
瓜連
28%
伽羅橋
28%
刺巻
27%
一ノ割
27%
那珂湊
27%
楯山
27%
磐梯熱海
27%
合戦場
26%
小櫃
26%
代官山
25%
苦楽園口
25%
金剛
25%
紙屋町東
25%
紙屋町西
25%
浄心
25%
定光寺
25%
採銅所
25%
猪苗代湖畔
25%
福俵
25%
都府楼南
25%
杜せきのした
25%
上長瀞
25%
二ツ杁
25%
雨晴
25%
蓬莱
25%
逆瀬川
24%
旦過
24%
売布神社
24%
俵田
24%
問寒別
24%
天理
24%
中埠頭
24%
壺阪山
24%
豊四季
23%
市振
23%
墨染
23%
原爆ドーム前
23%
開聞
23%
都府楼前
23%
下総橘
23%
南羽咋
23%
磐梯町
23%
杁ヶ池公園
23%
飯給
22%
鼓ヶ浦
22%
替佐
22%
拓北
22%
北美瑛
22%
壬生川
22%
公津の杜
22%
区界
21%
美旗
21%
末続
21%
御着
21%
剛志
20%
西庶路
20%
藻琴
20%
畝傍御陵前
20%
逢妻
20%
葭川公園
20%
国英
19%
君ヶ浜
19%
権堂
19%
斎宮
19%
志染
19%
苅藻
19%
夢前川
19%
稲梓
19%
摺沢
19%
北埠頭
19%
さっぽろ
19%
弓ケ浜
18%
館腰
18%
長久手古戦場
18%
甲奴
18%
読売ランド前
18%
千厩
18%
根雨
18%
婦中鵜坂
18%
乙供
17%
末恒
17%
蚕ノ社
17%
鐘釣
17%
忠海
17%
国定
17%
伴中央
17%
中判田
17%
漕代
17%
葭池温泉前
17%
自衛隊前
16%
産業振興センター
16%
思案橋
16%
小奴可
16%
有壁
16%
北野桝塚
16%
ユーカリが丘
16%
閑蔵
15%
侍浜
15%
都立家政
15%
払川
15%
玖珂
15%
中菰野
15%
揖屋
15%
新さっぽろ
15%
環状通東
14%
獨協大学前
14%
絹延橋
14%
小絹
14%
慈眼寺
14%
伊集院
14%
愛宕橋
14%
陶磁資料館南
14%
抜里
14%
比羅夫
14%
撫養
14%
楡原
14%
中斜里
14%
勇知
14%
騎射場
13%
九産大前
13%
姉別
13%
西飾磨
13%
冠着
13%
藍本
13%
義塾高校前
12%
鼓滝
12%
和食
12%
禅昌寺
12%
崇禅寺
12%
衣摺加美北
12%
壺川
12%
因幡社
12%
子供の国
11%
鵜飼
11%
千旦
11%
江釣子
11%
和銅黒谷
11%
不破一色
11%
東開聞
11%
伯耆溝口
11%
ユニバーサルシティ
11%
しんざ
11%
| 権 権現前
10%
心斎橋
10%
田主丸
10%
北助松
10%
美術館図書館前
10%
呼続
10%
原爆資料館
10%
北浦湖畔
10%
表木山
10%
夫婦石
10%
高崎問屋町
10%
亘理
10%
逢隈
10%
阿波橘
10%
駿河徳山
10%
本楯
10%
会津桧原
10%
綿 千綿
10%
守山自衛隊前
9%
瓦ヶ浜
9%
愛環梅坪
9%
四季の郷
9%
近義の里
9%
鏡川橋
9%
具同
9%
佐那具
9%
蚕桑
9%
袖崎
9%
左堰
9%
五稜郭公園前
9%
二階堂
9%
箸蔵
9%
箸尾
9%
勾金
8%
豪渓
8%
要田
8%
霊丘公園体育館
8%
唐櫃台
8%
松江イングリッシュガーデン前
7%
代官町
7%
毘沙門台
7%
助信
7%
中央図書館前
7%
双岩
7%
額住宅前
7%
因幡船岡
7%
子守唄の里高屋
6%
法界院
6%
仙巌園
6%
守恒
6%
島氏永
6%
自然園前
6%
附属中学前
6%
馬替
6%
三宅八幡
6%
等持院・立命館大学衣笠キャンパス前
6%
笠縫
6%
藍那
6%
大堰
6%
上桧木内
6%
たまプラーザ
6%
日華化学前
5%
上伊集院
5%
家庭裁判所前
5%
太秦広隆寺
5%
剣吉
5%
コスモスクエア
5%
修大協創中高前
4%
石才
4%
干拓の里
4%
折壁
4%
杉塘
4%
黒薙
4%
福井城址大名町
4%
あざみ野
4%
西線6条
4%
大村車両基地
3%
銭座町
3%
樋越
3%
ひこね芹川
3%
オークスカナルパークホテル富山前
3%
呉ポートピア
3%
西春江ハートピア
3%
文化の森
2%
広大附属学校前
2%
神水交差点
2%
豊前桝田
2%
日本へそ公園
2%
塔のへつり
2%
さくらんぼ東根
2%
グランドプラザ前
2%
ハウステンボス
2%
西線16条
2%
戸綿
2%
友江
2%
太郎丸エンゼルランド
2%
ナゴヤドーム前矢田
2%
大浦天主堂
1%
九品寺交差点
1%
めがね橋
1%
ハーモニーホール
1%
やぐま台
1%
おごと温泉
1%
えちご押上ひすい海岸
1%
田んぼアート
1%
宮島ボートレース場
1%
広野ゴルフ場前
1%
No matching quizzes found
Score Distribution
Percent of People with Each Score
Percentile by Number Answered
Your Score History
You have not taken this quiz since the last reset